000 01058cad a22002295a 4500
001 L146473
008 090123s2008 d f s 000 0 eng d
035 _a(Sirsi) u146473
041 0 _aeng
050 0 4 _a333.33 $2 18
110 2 _aNAI Global
_95315
245 0 0 _aGlobal market report 2008
_h[electronic resource]
260 _aPrinceton
_bNAI Global
_c2008
490 0 _aNAI Global Market Report
_v2008
520 _aProvides an overview of market conditions in 213 commercial real estate markets throughout all regions of the world. Considers the office, industrial, retail space and land markets. Analyses regional and international economic trends. Highlights trends in space absorption and construction activity. Reviews population and employment figures. Includes tables.
590 _aKA NTK
650 2 4 _aNAI GLOBAL MARKET REPORT
651 4 _aInternational
690 _aPROPERTY-COMMERCIAL PROPERTY-COMMERCIAL PROPERTY MARKET
856 4 0 _uhttps://www.naiglobal.com
_zView the item free of charge at www.naiglobal.com...
942 _n0
999 _c109191
_d109191